000 01253nam a2200301Ia 4500
001 ebr10120758
003 CaPaEBR
006 m u
007 cr cn|||||||||
008 040617s2003 wiua sb 001 0 eng d
020 _z1930919468
040 _aCaPaEBR
_cCaPaEBR
035 _a(OCoLC)560116526
050 1 4 _aQA76.76.O63
_bJ364 2003eb
082 0 4 _a005.4/469
_221
100 1 _aJang, Michael H.
245 1 0 _aLinux transfer for Windows network admins
_h[electronic resource] :
_ba roadmap for building a Linux file and print server /
_cMichael Jang ; technical editor, Elizabeth Zinkann.
260 _aWhitefish Bay, Wis. :
_bHentzenwerke Publishing,
_cc2003.
300 _axx, 310 p. :
_bill.
504 _aIncludes bibliographical references and index.
533 _aElectronic reproduction.
_bPalo Alto, Calif. :
_cebrary,
_d2009.
_nAvailable via World Wide Web.
_nAccess may be limited to ebrary affiliated libraries.
630 0 0 _aLinux.
650 0 _aOperating systems (Computers)
655 7 _aElectronic books.
_2local
700 1 _aZinkann, Elizabeth.
_4edt
710 2 _aebrary, Inc.
856 4 0 _uhttp://site.ebrary.com/lib/rucke/Doc?id=10120758
_zAn electronic book accessible through the World Wide Web; click to view
999 _c111665
_d111665